000 00465nam a2200157Ia 4500
008 240729s9999 xx 000 0 und d
022 _a2582-6468
245 0 _aJournal of Undergraduate Medical Research
260 _aIndia
260 _bMedical Education Unit, North Bengal Medical College
650 _a Public aspects of medicine
650 _aMedicine
856 _uhttps://doaj.org/toc/d4fe84667d8340d192dca57bc4e621d4
942 _2ddc
942 _cDOAJEJ
999 _c68271
_d68271
945 _a1
_bMadushi Gamage
_c1
_dMadushi Gamage